Advantage Series : (Record no. 14956)
[ view plain ]
| 000 -LEADER | |
|---|---|
| fixed length control field | 00548nam a22001697a 4500 |
| 003 - CONTROL NUMBER IDENTIFIER | |
| control field | PILC |
| 005 - DATE AND TIME OF LATEST TRANSACTION | |
| control field | 20150112093447.0 |
| 008 - FIXED-LENGTH DATA ELEMENTS--GENERAL INFORMATION | |
| fixed length control field | 131014t xxu||||| |||| 00| 0 eng d |
| 020 ## - INTERNATIONAL STANDARD BOOK NUMBER | |
| International Standard Book Number | 0072834390 |
| 050 ## - LIBRARY OF CONGRESS CALL NUMBER | |
| Classification number | T 385 |
| Item number | .C667 2005 |
| 100 ## - MAIN ENTRY--PERSONAL NAME | |
| Personal name | Coulthard, Glen J. |
| 9 (RLIN) | 29047 |
| 245 ## - TITLE STATEMENT | |
| Title | Advantage Series : |
| Remainder of title | Microsoft Office Powerpoint 2003 / |
| Statement of responsibility, etc | Glen J. Coulthard ... [et,al.] |
| 250 ## - EDITION STATEMENT | |
| Edition statement | Introductory ed. |
| 260 ## - PUBLICATION, DISTRIBUTION, ETC. (IMPRINT) | |
| Place of publication, distribution, etc | New York ; |
| Name of publisher, distributor, etc | McGraw-Hill Technology Education . |
| Date of publication, distribution, etc | 2005. |
| 300 ## - PHYSICAL DESCRIPTION | |
| Extent | 407 pages : |
| Other physical details | colored illustration ; |
| Dimensions | 28 cm. |
| 942 ## - ADDED ENTRY ELEMENTS (KOHA) | |
| Source of classification or shelving scheme | Library of Congress Classification |
| Koha item type | Books |
| Withdrawn status | Lost status | Source of classification or shelving scheme | Damaged status | Home library | Current library | Shelving location | Date acquired | Total Checkouts | Full call number | Barcode | Date last seen | Copy number | Price effective from | Koha item type |
|---|---|---|---|---|---|---|---|---|---|---|---|---|---|---|
| Library of Congress Classification | Southville International School Affiliated with Foreign Universities Library | Southville International School Affiliated with Foreign Universities Library | Southville Foreign University Section | 10/14/2013 | T 385 .C667 2005 | SFU1695 | 05/15/2018 | 1 | 10/14/2013 | Books |